Guía ambiental de los países del Convenio Andrés Bello (Registro nro. 2385)
[ vista simple ]
| 000 -CABECERA | |
|---|---|
| Campo de control | 01150nam a2200349 a 4500 |
| 005 - FECHA Y HORA DE LA ULTIMA TRANSACCION | |
| Campo de control | 20200104041531.0 |
| 008 - ELEMENTOS DE LONGITUD FIJA—INFORMACION GENERAL | |
| Campo de control | 140305s2001 ck fr|||| 000 0 spa d |
| 020 ## - ISBN | |
| ISBN | 958698057x |
| 040 ## - FUENTE DE CATALOGACIÓN | |
| Agencia catalogadora original | CO-BoIAVH |
| Agencia transcriptora | CO-BoIAVH |
| 041 0# - IDIOMA | |
| Código de idioma para texto/pista de sonido o título separado | Español |
| 044 ## - PAÍS DE PUBLICACIÓN | |
| País de publicación | Colombia |
| 082 04 - NUMERO DE CLASIFICACION DECIMAL DEWEY | |
| Número de clasificación | 346.046 |
| Número del ítem | Q88g |
| 100 1# - ASIENTO PRINCIPAL--NOMBRE PERSONAL | |
| Nombre personal | Quitiaquez Villamarín, Germán Alberto |
| 9 (RLIN) | 15704 |
| 245 10 - MENCION DE TITULO | |
| Título | Guía ambiental de los países del Convenio Andrés Bello |
| 260 ## - PUBLICACION, DISTRIBUCION, ETC. (PIE DE IMPRENTA) | |
| Lugar de publicación, distribución, etc. | Bogotá : |
| Nombre del editor, distribuidor, etc. | Convenio Andrés Bello, |
| Fecha de publicación, distribución, etc. | 2001. |
| 300 ## - DESCRIPCION FISICA | |
| Extensión | 806 páginas ; |
| Dimensiones | 29 x 22 cm. |
| Material acompañante | CD-ROM. |
| 650 #6 - ASIENTO SECUNDARIO DE MATERIA - TERMINO TEMATICO | |
| Término temático o nombre geográfico como elemento de entrada | Paises del Convenio Andrés Bello |
| 9 (RLIN) | 15705 |
| 650 #6 - ASIENTO SECUNDARIO DE MATERIA - TERMINO TEMATICO | |
| Término temático o nombre geográfico como elemento de entrada | Guías técnicas |
| 9 (RLIN) | 4190 |
| 650 #6 - ASIENTO SECUNDARIO DE MATERIA - TERMINO TEMATICO | |
| Término temático o nombre geográfico como elemento de entrada | Medio ambiente |
| 9 (RLIN) | 92195 |
| 650 #6 - ASIENTO SECUNDARIO DE MATERIA - TERMINO TEMATICO | |
| Término temático o nombre geográfico como elemento de entrada | Legislación ambiental internacional |
| 9 (RLIN) | 4266 |
| 650 #6 - ASIENTO SECUNDARIO DE MATERIA - TERMINO TEMATICO | |
| Término temático o nombre geográfico como elemento de entrada | Propiedad intelectual |
| 9 (RLIN) | 53978 |
| 650 #6 - ASIENTO SECUNDARIO DE MATERIA - TERMINO TEMATICO | |
| Término temático o nombre geográfico como elemento de entrada | Desechos sólidos |
| 9 (RLIN) | 3623 |
| 650 #6 - ASIENTO SECUNDARIO DE MATERIA - TERMINO TEMATICO | |
| Término temático o nombre geográfico como elemento de entrada | Desarrollo sostenible |
| 9 (RLIN) | 278 |
| 650 #6 - ASIENTO SECUNDARIO DE MATERIA - TERMINO TEMATICO | |
| Término temático o nombre geográfico como elemento de entrada | Clima |
| 9 (RLIN) | 53980 |
| 650 #6 - ASIENTO SECUNDARIO DE MATERIA - TERMINO TEMATICO | |
| Término temático o nombre geográfico como elemento de entrada | Sustancias peligrosas |
| 9 (RLIN) | 92274 |
| 650 #6 - ASIENTO SECUNDARIO DE MATERIA - TERMINO TEMATICO | |
| Término temático o nombre geográfico como elemento de entrada | Desechos líquidos |
| 9 (RLIN) | 2475 |
| 650 #6 - ASIENTO SECUNDARIO DE MATERIA - TERMINO TEMATICO | |
| Término temático o nombre geográfico como elemento de entrada | Biodiversidad |
| 9 (RLIN) | 92204 |
| 650 #6 - ASIENTO SECUNDARIO DE MATERIA - TERMINO TEMATICO | |
| Término temático o nombre geográfico como elemento de entrada | Bioseguridad |
| 9 (RLIN) | 53983 |
| 700 1# - ASIENTO SECUNDARIO - NOMBRE PERSONAL | |
| Nombre personal | Cárdenas T., Gina Yormary |
| 9 (RLIN) | 15711 |
| 700 1# - ASIENTO SECUNDARIO - NOMBRE PERSONAL | |
| Nombre personal | Bernal M., Henry Yesid |
| 9 (RLIN) | 15712 |
| 942 ## - ELEMENTOS ADICIONALES (KOHA) | |
| Tipo de ítem | Libro |
| Sistema de clasificación | Dewey Decimal Classification |
| Withdrawn status | Lost status | Sistema de Clasificación | Damaged status | No para préstamo | Colección | Inventariado | Ubicación Permanente | Ubicación actual | Fecha de adquisición | Fuente de Valor | Valor | Total Checkouts | Número topográfico | Inventario / Código de Barras | Date last seen | Ejemplar | Price effective from | Forma de adquisición | Tipo de material | Public note |
|---|---|---|---|---|---|---|---|---|---|---|---|---|---|---|---|---|---|---|---|---|
| Dewey Decimal Classification | General | Inventariado 2017 | Bogotá | Bogotá | 31/07/2001 | Instituto | 39000.00 | LB-346.046 Q88g | 004887 | 04/12/2012 | Ej.1 | 04/12/2012 | Libro | Incluye CD-ROM (CID-018250). | ||||||
| Dewey Decimal Classification | General | Inventariado 2017 | Sala Fabio Quevedo | Sala Fabio Quevedo | 21/02/2002 | Instituto | 39000.00 | LB-346.046 Q88g | 002953 | 04/12/2012 | Ej.2 | 04/12/2012 | Libro | Incluye CD-ROM (CID-002954). | ||||||
| Local | General | Villa de Leyva | Villa de Leyva | LB-02196 | 018251 | 04/12/2012 | Ej.2 | 04/12/2012 | Libro | Corpus legislativo sobre la biodiversidad y el medio ambiente | ||||||||||
| Local | General | Villa de Leyva | Villa de Leyva | 06/10/2004 | Cavelier, Inés | LB-02196 | 016764 | 04/12/2012 | Ej.3 | 04/12/2012 | Libro | Corpus legislativo sobre la biodiversidad y el medio ambiente |